All Time EFL Championship Winner (1992-2004) - Statistics

General Stats
  • This quiz has been taken 8 times
  • The average score is 7 of 12
Answer Stats
Season Colour Of Home Kit Answer % Correct
1995-96 Red And White Sunderland
100%
1998-99 Red And White Sunderland
100%
1992-93 Black And White Newcastle United
88%
2001-02 Sky Blue Manchester City
75%
2003-04 Yellow Norwich City
75%
1993-94 Blue And Red Crystal Palace
50%
2000-01 White Fulham
50%
1997-98 Red Nottingham Forest
50%
2002-03 Blue Portsmouth
50%
1999-00 Red Charlton Athletic
38%
1996-97 White Bolton Wanderers
25%
1994-95 Red Middlesbrough
25%
No matching quizzes found
Score Distribution
Percent of People with Each Score
Percentile by Number Answered
Your Score History
You have not taken this quiz